| 000 | 01317nac a22003131i 4500 | ||
|---|---|---|---|
| 003 | EG-ScBUE | ||
| 005 | 20240404111353.0 | ||
| 008 | 240404t1999 paua f b 001 0 eng d | ||
| 020 | _a027101931X | ||
| 020 | _a9780271019314 | ||
| 040 |
_aEG-ScBUE _beng _erda _cEG-ScBUE _dEG-ScBUE |
||
| 082 | 0 | 4 |
_a944.361034 _bMER _222 |
| 100 | 1 |
_aMercier, Louis-Sébastien, _d1740-1814, _eauthor. |
|
| 240 | 1 | 0 |
_aTableau de Paris. _kEnglish. _lSelections. |
| 245 | 1 | 0 |
_aPanorama of Paris : _bselections from Le Tableau de Paris / _cLouis-SeÌ?bastien Mercier ; based on the translation by Helen Simpson ; edited and with a new preface and translations of additional articles by Jeremy D. Popkin. |
| 264 | 1 |
_aUniversity Park, Pennsylvania : _bPennsylvania State University Press, _c[1999] |
|
| 264 | 4 | _cc1999 | |
| 300 |
_a235 pages : _billustrations ; _c23 cm |
||
| 336 |
_2rdacontent _atext _btxt |
||
| 337 |
_aunmediated _2rdamedia _bn |
||
| 338 |
_avolume _bnc _2rdacarrier |
||
| 504 | _aIncludes bibliographical references and index. | ||
| 650 | 7 |
_aFeuilletons, French _zFrance _zParis. _2BUEsh |
|
| 651 | 7 |
_aParis (France) _xDescription and travel. _2BUEsh |
|
| 651 | 7 |
_aParis (France) _xSocial life and customs _y18th century. _2BUEsh |
|
| 655 | _vReading book | ||
| 700 | 1 |
_aPopkin, Jeremy D., _d1948- _eeditor. |
|
| 942 |
_cBB _2ddc |
||
| 999 |
_c7278 _d7278 |
||